Seth's Blog

Bibliographic Details
Format: Electronic Serial
Published: [S.l.] : [s.n.]
Subjects:
Online Access:Full text available from Research Library: 03/25/2009 to 12/31/2014
Full text available from Research Library: 01/01/2017 to present

MARC

LEADER 00000nas a22000003u 4500
001 ssib002143833
003 WaSeSS
005 20200512172242.0
006 m d
007 cr n
008 200512uuuuuuuuu||||| |ss|||||| ||||||d
035 |a (WaSeSS)ssib002143833 
040 |a WaSeSS  |c WaSeSS  |d WaSeSS 
245 0 0 |a Seth's Blog  |h [electronic resource]. 
260 |a [S.l.] :  |b [s.n.] 
500 |a Title from content provider. 
506 |a License restrictions may limit access. 
655 0 |a Electronic journals. 
856 4 0 |z Full text available from Research Library: 03/25/2009 to 12/31/2014  |u https://search.proquest.com/publication/50826 
856 4 0 |z Full text available from Research Library: 01/01/2017 to present  |u https://search.proquest.com/publication/50826